000 00701nam a2200289Ia 4500
005 20260324125207.0
008 008 260324s9999 xx 000 0 eng d
020 _a9781003071334
037 _aEBOOK
040 _aCRL
040 _beng
040 _cCRL
041 _2eng
041 _aeng
084 _qCRL
100 _aJennifer Clark; Susan Christopherson
_91177049
245 0 _aRemaking Regional Economies
245 0 _bPower, Labor and Firm Strategies
260 _bTaylor and Francis
260 _c2009
365 _a
365 _b230
856 _uhttp://www.taylorfrancis.com/books/9781003071334
942 _cEBOOK
999 _c1772088
_d1772088